| 000 | 01011cab a2200217 4500 | ||
|---|---|---|---|
| 001 | ABS26230 | ||
| 008 | 090401t1979 xxu||||| |||| 00| 0 eng d | ||
| 035 | _a(Sirsi) u35797 | ||
| 041 | _aeng | ||
| 100 | _aHellewell, E.G. | ||
| 245 | 4 | _aThe dual rate mineral valuation principle index-linked | |
| 260 | _c1979 | ||
| 350 | _a0 | ||
| 490 |
_aChartered Land Surveyor / Chartered Mineral Surveyor _v1(4) Winter 1979, 15-24(6) |
||
| 520 | _aFollowing his paper `The dual rate principle modified for inflation` (ABS20783) the author here proposes a generalised approach to valuation in which the premises of the dual rate principle are maintained in conditions of variable annual inflation/deflation by means of index-linking. Includes an analysis of standard dual rate valuations and notes on economic conditions and the price index 1876-1975 and 1976. References. | ||
| 650 | _aMINERAL VALUATION | ||
| 690 | _aMINING AND MINERALS | ||
| 690 | _aRATING AND VALUATION | ||
| 942 | _n0 | ||
| 948 | _c04/03/1997 | ||
| 999 |
_c23406 _d23406 |
||